1068 1915 1155 1349 1254 1546 1791 1331 1134 1450 1577 1955 1020 1463 1485 1841 1971 1065 1641 1365 1687 1817 1257 1962 1247 1865 1300 1232 1813 1630 1944 1852 1224 1040 1331 1761 1316 1496 1725 1966 1869 1797 1651 1490 1724 1761 1590 1581 1529 1680 1027 1878 1017 1917 1831 1715 1713 1869 1541 1827 1478 1932 1199 1882 1134 1589 1001 1505 1841 1761 1304 1371 1988 1381 1599 1794 1795 1143 1238 1724 1586 1535 1780 1606 1463 1292 1844 1785 1904 1360 1374 1579 1880 1163 1747 1491 1199 1921 1066 BCNSPRNW ULIB Ver.6.0+V

เปลี่ยนเป็นภาษาไทย

Change to English
 แสดงรายละเอียดบรรณานุกรม
  กลับหน้าหลัก

Brief Record : Get Marc (ISO 2709) : E-mail record : QR code < ปิดหน้าต่าง
LEADER : 00000nam 2200000uu 4500
001    13399121115
003     ULIB
008    120426s2554 th a 000 0 tha d
020    ^a9789743504204
060 04 ^aWS280^bO62
245 00 ^aOptimizing practice in pediatric respiratory diseases /^cอรุณวรรณ พฤทธิพันธุ์ ... [และคนอื่นๆ], บรรณาธิการ
250    ^aพิมพ์ครั้งที่ 1
260    ^aกรุงเทพฯ : ^bชมรมโรคระบบหายใจและเวชบำบัดวิกฤตในเด็กแห่งประเทศไทย,^c2554
300    ^aviii, 288 หน้า :^bภาพประกอบ ;^c27 ซม.
650  4 ^aทางเดินอากาศหายใจ, โรค^xในวัยทารกและเด็ก
650  4 ^aทางเดินอากาศหายใจ, โรค^xในวัยทารกและเด็ก^xการรักษา
650  4 ^aทางเดินอากาศหายใจ, โรค^xในวัยทารกและเด็ก^xการวินิจฉัย
650  4 ^aผู้ป่วยหนัก, การดูแล^xในวัยทารกและเด็ก
653    ^aผลงานอาจารย์คณะแพทยศาสตร์ศิริราชพยาบาล
700 0  ^aอรุณวรรณ พฤทธิพันธุ์,^eบรรณาธิการ
710 2  ^aชมรมโรคระบบหายใจและเวชบำบัดวิกฤตในเด็กแห่งประเทศไทย
945    ^p350^l0^i032937
945    ^p350^l0^i032938
995    ^a เกษร
999    ^aใช้งานได้ทุกระบบ
รายการนี้ยังไม่มีแท็ก
คุณยังไม่ได้ล็อกอิน คุณสามารถมีกิจกรรมร่วมกับเว็บไซต์ได้ แต่ต้องล็อกอินก่อน ::
  ล็อกอิน

รายการสื่อสารสนเทศ

ลำดับที่ ประเภท เลขเรียก/บาร์โค้ด สถานที่ สถานะ
1. วิทยาศาสตร์การแพทย์ และสุขภาพ
หนังสือสำรอง
สถานะ=หนังสือสำรอง
WS280 O62 ฉ.1 
  Barcode: 032937
ห้องสมุดวิทยาเขตสวรรค์ประชารักษ์
►ส่วนจัดเก็บหนังสือเก่า สปร
บนชั้น
  ขอยืม
2. วิทยาศาสตร์การแพทย์ และสุขภาพ
วิทยาศาสตร์การแพทย์ และสุขภาพ
WS280 O62 ฉ.2 
  Barcode: 032938
ห้องสมุดวิทยาเขตสวรรค์ประชารักษ์
►ส่วนจัดเก็บหนังสือเก่า สปร
บนชั้น
  ขอยืม

BibComment


ยังไม่เคยถูกคอมเมนท์

คอมเมนท์ทรัพยากรรายการนี้
  คอมเมนท์: Optimizing pract..


 Copyright 2026. Bcnsprnw @Library